000 00505nam a2200181Ia 4500
005 20250326141837.0
008 250326s9999 xx 000 0 und d
037 _aTextbook
040 _aFMSL
_beng
_cFMSL
041 _aeng
_2eng
084 _aFGa M8
_qFMSL
100 _aRIS
245 0 _aBiotechnology Revolution and the third world
_cRIS
260 _aNew Delhi
_bNew Delhi, Research And Information System
_c1988
300 _a82p
942 _cTB
_hFGa M8
999 _c1292244
_d1292244